000 00275nam a2200109Ia 4500
008 190216s9999||||xx |||||||||||||| ||und||
100 _aBala Sundara Rao
245 0 _aMalayalam-Vittaminugal
260 _bKerala Books&Publications Society
650 _aMalayalam
942 _cBK
999 _c24276
_d24276